Boatbuilding manual
Đã lưu trong:
| Tác giả chính: | |
|---|---|
| Định dạng: | Sách |
| Ngôn ngữ: | Tiếng Anh |
| Được phát hành: |
Camden
International Marine
1994
|
| Phiên bản: | 4a. ed |
| Những chủ đề: | |
| Các nhãn: |
Thêm thẻ
Không có thẻ, Là người đầu tiên thẻ bản ghi này!
|
MARC
| LEADER | 00000nam a2200000 a 4500 | ||
|---|---|---|---|
| 001 | UCN8453 | ||
| 003 | CL-VaPUC | ||
| 008 | 011109e19940000us |||||||||||||||||eng|d | ||
| 082 | 0 | 4 | |a 623.8202 |b STE |2 21 |
| 100 | 0 | |a Steward, Robert M |e author |9 464685 | |
| 245 | 1 | 0 | |a Boatbuilding manual |
| 250 | |a 4a. ed | ||
| 300 | |a 372 p | ||
| 942 | |c BK | ||
| 945 | |d 20011109 00:00:00 |a crobeson | ||
| 260 | |a Camden |b International Marine |c 1994 | ||
| 650 | 7 | |a CONSTRUCCION NAVAL - MANUALES |2 CL-VaPUC |9 464686 | |
| 650 | 7 | |a EMBARCACIONES PEQUEÑAS |2 CL-VaPUC |9 464687 | |
| 583 | |a last modification |c 20171115 10:24:54 |k Rodrigo Vera | ||
| 999 | |c 298342 |d 298340 | ||
| 952 | |0 0 |1 0 |4 0 |6 623_820200000000000_STE_1994 |7 0 |8 A |9 353854 |a BIBARQ |b BIBARQ |d 2019-11-21 |i 3769674 |o 623.8202 STE 1994 |p 3769674 |r 2025-01-20 |w 2019-11-21 |y BK |k ARQ | ||